00734nam a2200217Ii 45000010005000000030009000050080041000140400033000550410008000880820014000961000019001102450012001292640075001413000012002163360026002283370028002543380027002829400050003099990017003599520140003765671CO-ViMGA241108s9999||||xx |||||||||||||| ||und|| aCO-ViMGAbspaerdacCO-ViMGA0 aunk04a843-Ch5211 aChéri95396210aColette 1a[Lugar de publicación no identificado] : Círculo de Lectores, 1963 avolumen atextbtxt2rdacontent aunmediatedbn2rdamedia avolumebnc2rdacarrier aidficha_siabuc: 5525. -- ficha_no_siabuc:5671 c50787d50787 001040708001aMEVIGERRbMEVIGERRcGENd2006-11-27hVol.1o843-Ch521pECA4824r2024-11-26 10:02:13tEj.1w2024-11-26yBKz5525 | 7777